THE PRINCIPLES OF EXERCISE THERAPY (Record no. 1490)

MARC details
000 -LEADER
fixed length control field 00353nam a2200145Ia 4500
008 - FIXED-LENGTH DATA ELEMENTS--GENERAL INFORMATION
fixed length control field 150201s2003 xx 000 0 und d
082 ## - DEWEY DECIMAL CLASSIFICATION NUMBER
Classification number 613.73
Item number P03G
100 ## - MAIN ENTRY--PERSONAL NAME
Personal name GARDINER ,M. DENA
245 ## - TITLE STATEMENT
Title THE PRINCIPLES OF EXERCISE THERAPY
250 ## - EDITION STATEMENT
Edition statement 4TH
260 ## - PUBLICATION, DISTRIBUTION, ETC. (IMPRINT)
Name of publisher, distributor, etc. CBS
Place of publication, distribution, etc. DELHI
Date of publication, distribution, etc. 2003
300 ## - PHYSICAL DESCRIPTION
Extent 1-302
650 ## - SUBJECT ADDED ENTRY--TOPICAL TERM
Topical term or geographic name as entry element PHYSIOTHERAPY
942 ## - ADDED ENTRY ELEMENTS (KOHA)
Source of classification or shelving scheme Dewey Decimal Classification
Koha item type Books
Koha issues (borrowed), all copies 76
Holdings
Withdrawn status Lost status Source of classification or shelving scheme Damaged status Not for loan Collection code Home library Current library Shelving location Date acquired Source of acquisition Cost, normal purchase price SGTU Total Checkouts Total Renewals Full call number Barcode Date last seen Date last checked out Bill Date Koha item type
    Dewey Decimal Classification     MEDICAL SGT Medical Library SGT Medical Library Text Book 20/03/2013 UBS DELHI 175.00 SGTU 25 1 613.73 P03G FM5380 25/03/2025 20/03/2025 20/03/2013 Books
    Dewey Decimal Classification     MEDICAL SGT Medical Library SGT Medical Library Text Book 20/03/2013 UBS DELHI 175.00 SGTU 26   613.73 P03G FM5381 16/11/2023 30/10/2023 20/03/2013 Books
    Dewey Decimal Classification     MEDICAL SGT Medical Library SGT Medical Library Text Book 20/03/2013 UBS DELHI 175.00 SGTU 42   613.73 P03G FM5382 07/12/2023 06/12/2023 20/03/2013 Books
    Dewey Decimal Classification     MEDICAL SGT Medical Library SGT Medical Library Text Book 20/03/2013 UBS DELHI 175.00 SGTU 37   613.73 P03G FM5383 22/04/2024 18/04/2024 20/03/2013 Books